000 01082nam a22002777a 4500
008 240821b mp ||||| |||| 00| 0 mon d
020 _a978-99962-2-179-8
035 _a7733
040 _aDXO45059
_bmon
_cMN-UlNLM
_dMN-UlNLM
_erda
041 _amon
082 _210-t
_a923.1 517
_bH.322
100 _aНасанбат Ш.
245 0 _aМонголын түүхийн эрт эдүгээх 33 төрийн зүтгэлтэн
245 0 _b0
245 0 _c/Ред.Д.Баярсайхан
250 _a1
264 _aУБ
_bСоёмбо принтинг
_c2017
300 _a168х.
336 _2rdacontent
_atext
_btxt
337 _2rdamedia
_aunmediated
_bn
338 _2rdacarrier
_avolume
_bnc
505 _tмонголын түүхийн эрт эдүгээх 33 төрийн зүтгэлтэн; тал нутгийн эрэмгий баатар; тоба улс; хаан төрийнхөө хана түшиг болсон цагадай; эзэнт гүрний ерөнхий сайд
650 _a11150
942 _210-t
_cBK
999 _c1133028
_d1133085